000 01278nam a2200277 4500
001 127253
003 ES-MaACL
005 20230906192956.0
007 t|
008 070214m19471955sp r ||||1| spa d
100 1 _aReynold, Gonzague de.
_996625
245 1 3 _aLa formación de Europa /
_cGonzague de Reynold.
260 _aMadrid :
_bPegaso,
_c1947-1955.
300 _a5 tomos en 6 v. ;
_c22 cm.
505 8 _aContiene: Tomo I. ¿Qué es Europa?. Tomo II. El mundo griego y su pensamiento, traducción de José Miguel de Azaola. Tomo III. El helenismo y el genio europeo, traducción de José Miguel de Azaola. Tomo IV. El Imperio Romano. traducción de José Miguel de Azaola. Tomo V. El mundo bárbaro y su fusión con el romano. 1. Los celtas, traducción de José Miguel de Azaola. 2. Los germanos, traducción de J. García Mercadel
700 1 _aAzaola, José Miguel de (
_d1917-2007)
_924229
700 1 _aGarcía Mercadel, J.
_954946
740 0 _a¿Qué es Europa?
740 0 _aEl mundo griego y su pensamiento.
740 0 _aEl helenismo y el genio europeo.
740 0 _aEl Imperio Romano.
740 0 _aEl mundo bárbaro y su fusión con el romano.
740 0 _aLos celtas.
740 0 _aLos germanos.
852 _aES-MaACL
_jE-9925-30
_bR.24059
999 _c127253
_d127253